000
00279nam a22001097a 4500
999
_c
4140
_d
4140
008
250122b ||||| |||| 00| 0 eng d
020
_a
9781786371263
082
_a
595 JON
100
_a
GRACE JONES
_e
JONES,GRACE
245
_a
INSECTS
942
_2
ddc
_h
595 JON